书目信息 |
| 题名: |
涂料与涂装科学技术基础
|
|
| 作者: | 郑顺兴 主编 | |
| 分册: | ||
| 出版信息: | 北京 化学工业出版社 2019重印 |
|
| 页数: | 305页 | |
| 开本: | 26cm | |
| 丛书名: | ||
| 单 册: | ||
| 中图分类: | TQ63-43 | |
| 科图分类: | 82.24 | |
| 主题词: | 涂料--Tu Liao--高等学校--教材 | |
| 电子资源: | ||
| ISBN: | 978-7-122-00187-0 | |
| 000 | 00759nam0 2200265 45 | |
| 001 | 012001000738 | |
| 005 | 20140106162259.0 | |
| 010 | @a978-7-122-00187-0@dCNY38.00 | |
| 099 | @aCAL 012007072191 | |
| 100 | @a20070613d2007 em y0chiy50 ea | |
| 101 | 0 | @achi |
| 102 | @aCN@b110000 | |
| 105 | @aak a 000yy | |
| 106 | @ar | |
| 200 | 1 | @a涂料与涂装科学技术基础@ATu Liao Yu Tu Zhuang Ke Xue Ji Shu Ji Chu@f郑顺兴主编 |
| 210 | @a北京@c化学工业出版社@d2019重印 | |
| 215 | @a305页@c图@d26cm | |
| 320 | @a有书目 | |
| 333 | @a高等学校教材 | |
| 606 | 0 | @a涂料@ATu Liao@x高等学校@j教材 |
| 690 | @aTQ63-43@v4 | |
| 692 | @a82.24@v3 | |
| 701 | 0 | @a郑顺兴@AZheng Shun Xing@4主编 |
| 801 | 0 | @aCN@b北京卓展文化@c20191020 |
| 905 | @b1200910-3@dTQ63-43@e75@f4 | |
| 涂料与涂装科学技术基础/郑顺兴主编.-北京:化学工业出版社,2019重印 |
| 305页:图;26cm |
| 使用对象:高等学校教材 |
| ISBN 978-7-122-00187-0:CNY38.00 |
| ● |
| 相关链接 |
|
|
|
|
正题名:涂料与涂装科学技术基础
索取号:TQ63-43/75
 
预约/预借
| 序号 | 登录号 | 条形码 | 馆藏地/架位号 | 状态 | 备注 |
| 1 | 1200910 | 212009100 | 第二样本阅览室/ [索取号:TQ63-43/75] | 在馆 | |
| 2 | 1200911 | 212009119 | 第三借阅区/ [索取号:TQ63-43/75] | 在馆 | |
| 3 | 1200912 | 212009128 | 第三借阅区/ [索取号:TQ63-43/75] | 在馆 | |
| 4 | 1200913 | 212009137 | 第三借阅区/ [索取号:TQ63-43/75] | 在馆 |